| 000 | 00749cam a22002651 4500 | ||
|---|---|---|---|
| 999 |
_c8669 _d8669 |
||
| 001 | 8669 | ||
| 003 | BD-JhCC | ||
| 005 | 20180307091200.0 | ||
| 008 | 761222s1957 nyu 001 0 eng | ||
| 035 | _a(BD-JhCC)8669 | ||
| 035 | _a(OCoLC)2641551 | ||
| 040 |
_aDLC _cNmPE _dDLC |
||
| 041 | _aeng | ||
| 050 | 0 | 0 |
_aPS645 _b.B78 1957 |
| 082 |
_a808 _bBUS 1957 |
||
| 100 | 1 |
_aBushman, John C. _q(John Conrad), _d1914- |
|
| 245 | 1 | 0 |
_aReadings for college English / _cedited by John C. Bushman and Ernst G. Mathews. |
| 250 | _a2d. ed. | ||
| 260 |
_aNew York, _bAmerican Book Co. _c1957. |
||
| 300 |
_a531 p. _c24 cm. |
||
| 650 | 0 | _aAmerican prose literature. | |
| 700 | 1 | _aMathews, Ernst Garland, | |
| 942 |
_2ddc _cBK |
||